| 000 | 00987nam a22002415i 4500 | ||
|---|---|---|---|
| 001 | 168217 | ||
| 003 | ES-MaACL | ||
| 005 | 20250717013110.0 | ||
| 008 | 030618q18901900sp |||| | spa d | ||
| 040 |
_aCCPB | B _bspa _cCCPB | B |
||
| 100 | 1 |
_aZola, Émile, _d1840-1902 _9118331 |
|
| 245 | 1 | 0 |
_aVictoriano Sardou _b: estudio crítico / _cpor E. Zola. |
| 260 |
_aMadrid : _bimprenta de La España Moderna : _bA. P. Dubrull, _c[s.a.] |
||
| 300 |
_a93 p. ; _c17 cm. |
||
| 490 | 1 |
_aExtranjeros ilustres ; _v5 |
|
| 596 | _aEn información editorial en vuelto de la cub. consta el año 1890. | ||
| 596 | _aEditor en cub.: "Sáenz de Jubera hermanos" | ||
| 600 | 1 | 4 |
_aSardou, Victorien- _xCrítica e interpretación. _9132479 |
| 752 |
_aEspaña - _dMadrid |
||
| 830 | 0 |
_aExtranjeros ilustres ; _v5 _9188783 |
|
| 852 |
_aES-MaACL _j1814-F-3 _z-- Rúst. _x-- Completar T260: Sáenz de Jubera Hermanos -- T596: Mención de editor consta en la cub. |
||
| 999 |
_c168217 _d168217 |
||